|
|
แสดงรายละเอียดบรรณานุกรม |
|
|
Brief Record
: Get Marc (ISO 2709)
: E-mail record
: |
|
|
|
| LEADER 00000nama 2200000uu 4500 | |||
| 001 202398 | |||
| 003 ULIBM | |||
| 008 040531s|||| th m m a000 0 tha d | |||
| 020 ^a978-974-300-684-5 | |||
| 041 tha | |||
| 050 WY159 จ844ก 2552 | |||
| 100 แจ่มจันทร์ กุลวิจิตร. | |||
| 245 การเล่นในเด็กป่วย/แจ่มจันทร์ กุลวิจิตร. | |||
| 250 พิมพ์ครั้งที่ 2. | |||
| 260 สงขลา. คณะพยาบาลศาสตร์ มหาวิทยาลัยสงขลานครินทร์. 2552. | |||
| 300 118 หน้า. | |||
| 600 I. มหาวิทยาลัยสงขลานครินทร์ คณะพยาบาลศาสตร์. | |||
| 650 1.การพยาบาลกุมารเวชศาสตร์ 2.การเล่นและของเล่น 3.เด้กในโรงพยาบาล 4.พัฒนาการเด็ก. | |||
| 995 001 | |||
| 999 ^aใช้งานได้ทุกระบบ | |||
| คุณยังไม่ได้ล็อกอิน คุณสามารถมีกิจกรรมร่วมกับเว็บไซต์ได้ แต่ต้องล็อกอินก่อน :: |
|
| สถานะ | |||||||||
| 1. | หนังสือทั่วไป | WY159 จ844ก 2552 | On Shelf ขอยืม | ||||||
| 2. | หนังสือทั่วไป | WY159 จ844ก 2552 ฉ.2 | On Shelf ขอยืม | ||||||
| 3. | หนังสือทั่วไป | WY159 จ844ก 2552 ฉ.3 | On Shelf ขอยืม | ||||||
| 4. | หนังสือทั่วไป | WY159 จ844ก 2552 ฉ.4 | On Shelf ขอยืม | ||||||
| 5. | หนังสือทั่วไป | WY159 จ844ก 2552 ฉ.5 | On Shelf ขอยืม | ||||||
| [แสดง 5/5 รายการ] | |||||||||
BibComment |
| คอมเมนท์ทรัพยากรรายการนี้ |
|
|